Kveta Orlovská a Závada získali prvenstvá

Bibliographic Details
Main Author: Jacoš, Ján, 1963- (Author)
Format: Article
Language:Slovak
ISSN:1336-4030
Subjects:
Online Access:www.vecernik.po.sk

MARC

LEADER 00000nab a2200000 a 4500
001 vtls008984707
003 SK-MaSNL
005 20260303065409.0
008 070427c20070212xo dr n 000 00slo
015 |a SNBRB2007/04SVKPO 
038 |a SVKPOCL 
040 |a SVKPOCL  |b slo  |c AACR2  |e AACR2 
041 |a slo 
044 |a xo  |c SK 
080 |a 796.344.093.1  |2 2001 
100 1 |a Jacoš, Ján,  |d 1963-  |4 aut  |9 11515 
245 1 0 |a Kveta Orlovská a Závada získali prvenstvá  |c [autor] (jac) 
600 1 7 |a Orlovská, Kvetoslava  |2 svkpocl  |9 595785 
600 1 7 |a Závada, Vladimír  |2 svkpocl  |9 1056985 
610 2 7 |a Badminton club (Prešov, Slovensko)  |2 svkpocl  |9 31571 
611 2 7 |a Grand prix mužov a žien v bedmintone  |d (2007 :  |c Trenčín, Slovensko)  |2 svkpocl  |9 1065384 
650 0 7 |a bedminton  |2 svkpocl  |9 3289 
651 7 |a Prešov (Slovensko)  |2 svkpocl  |9 17347 
651 7 |a Trenčín (Slovensko)  |2 svkpocl  |9 159956 
773 0 |t Prešovský večerník  |g Roč. XVIII, č. 4136 (12.2.2007)  |x 1336-4030 
773 0 8 |i Príl.  |t Šport Extra  |g Č. 6 (12. februára 2007), s. 10 
852 |a SVKPO  |b KIS3GCP 
856 4 1 |u www.vecernik.po.sk 
999 |c 1751035  |d 1752965